000 00661nam a22001217a 4500
040 _cRUA
082 _aAVM PHO 2025 B705 Or.1
100 _aPHON PUTHEA, ផុន ពុទ្ធា
245 _aCase of antibiotic resistance among escherichia coli isolated from pigs in preaek phtoul commune, angkorbrey district takeo province, ករណី ESCHERICHIA COLI ស៊ាំនឹងឳសថអង់ទីប៊ីយ៉ូទិកលើជ្រូក នៅឃុំព្រែកផ្ទោល ស្រុកអង្គរបូរី ខេត្តតាកែវ
260 _aPHNOM PENH
_bRUA
_c2025
300 _aix,41p.
_bill.
_c29cm.
942 _cAVM
999 _c25798
_d25798